| 000 | 00574nam a2200241 a 4500 | ||
|---|---|---|---|
| 001 | nice12345678 | ||
| 003 | IN_TiNIC | ||
| 005 | 20260116011511.0 | ||
| 008 | 050524s1965 dela grp 000 0 urd | ||
| 020 |
_a _c2.5 |
||
| 082 | 0 | 0 |
_a297.297 _bAZA |
| 100 | _aAzad, Abul Kalam | ||
| 245 | _aIslam Aur Masihiyat. | ||
| 260 |
_aDelhi _bTaj Urdu Academy _c1965 |
||
| 300 | _a112p | ||
| 500 | _aincludes index and biblioraphy | ||
| 505 | 2 | _aIndex | |
| 650 | _aIslam-Apologetic Works | ||
| 700 | 1 | _aAzad, Abul Kalam | |
| 902 | _bSRS | ||
| 942 | _cBK | ||
| 999 |
_c2079 _d2079 |
||